000 00976cab a2200265 4500
001 ABS58287
008 090401t1998 xxu||||| |||| 00| 0 eng d
035 _a(Sirsi) u84231
041 _aeng
100 _aGoss, A.
245 _aBrownfield housebuilding: the pitfalls
260 _c1998
350 _a0
490 _aPlanning (for the Natural and Built Environment)
_v(1254) 6 February 1998, 18-19(2)
520 _aThe author argues that although developing brownfield sites seems to be an ideal solution to the housing problem, it is not an easy task. Very few local authorities have up-to-date information about the brownfield land in their areas and current planning procedures hinder such projects.
650 _aBROWNFIELD SITES
650 _aDERELICT LAND
650 _aHOUSING LAND
650 _aHOUSING NEED
650 _aLOCAL AUTHORITIES
650 _aREMEDIATION
690 _aPROPERTY-PROPERTY DEVELOPMENT
942 _n0
948 _c13/02/1998
999 _c52928
_d52928